Vista normal
Vista MARC
Entrada Materia (reunión)
Número de registros utilizados en: 1
001 - CONTROL NUMBER
- control field: 158641
003 - CONTROL NUMBER IDENTIFIER
- control field: Co-BoUCM
005 - DATE AND TIME OF LATEST TRANSACTION
- control field: 20211110120319.0
008 - FIXED-LENGTH DATA ELEMENTS
- fixed length control field: 211110|| aca||aabn | a|a d
040 ## - CATALOGING SOURCE
- Original cataloging agency: Co-BoUCM
- Transcribing agency: Co-BoUCM
111 ## - HEADING--MEETING NAME
- Meeting name or jurisdiction name as entry element: Seminario Haciendo Paz (
- Date of meeting: 2001 mar 9-11
- Location of meeting: Cartagena)
670 ## - SOURCE DATA FOUND
- Source citation: Work cat.: (Co-BoUCM)34006: Seminario Haciendo Paz ( 2001 mar 9-11 Cartagena), Haciendo paz reflexiones y perspectivas del proceso de paz en Colombia, 2001